000 00577nam a2200217Ia 4500
003 OSt
005 20220926040507.0
006 a|||||r|||| 00| 0
007 ta
008 220923b |||||||| |||| 00| 0 eng d
037 _cGeneral Book
040 _aRTL
_cRTL
_beng
041 _2eng
_aeng
082 _aX:93:(Z2).N6, K5
100 _aKothari G L
_9343727
245 0 _aWages dreamess allowance bonos and other allowance
260 _c1965
650 _aWages
_9229845
942 _hX:93:(Z2).N6, K5
_cGB
_2CC
999 _c664945
_d664945